[Event "Kalamazoo (MI Am/1/22)"]
[Site "?"]
[Date "1997.??.??"]
[Round "?"]
[White "Valdivia, Alex"]
[Black "Holt, David"]
[Result "1/2-1/2"]
[WhiteElo "1605"]
[BlackElo "1650"]
[PlyCount "143"]
[EventDate "1997.??.??"]

{1/(22)} 1. e4 d6 2. Nf3 Nf6 3. Qe2 Bg4 4. d4 g6 5. e5 dxe5 6. dxe5 Nfd7 7.
Nbd2 Bg7 8. h3 Bxf3 9. Nxf3 Nc6 10. Bf4 O-O 11. O-O-O Qc8 12. Rd5 Nb6 13. Rd3
e6 14. Qe4 Nd5 15. Rxd5 exd5 16. Qxd5 Qe6 17. Bc4 Qxd5 18. Bxd5 Rad8 19. Bxc6
bxc6 20. c4 Rfe8 21. Re1 a5 22. e6 Rxe6 23. Bxc7 Rxe1+ 24. Nxe1 Re8 25. Bxa5
Re2 26. Nd3 Re4 27. b3 Re7 28. a4 Bd4 29. b4 Ra7 30. Kc2 Kf8 31. c5 Ke8 32. Kb3
Kd7 33. Bb6 Ra8 34. Kc4 Bg7 35. a5 f6 36. b5 cxb5+ 37. Kxb5 Bf8 38. c6+ Kc8 39.
Nb4 g5 40. Nd5 f5 41. a6 Bd6 42. a7 h6 43. Ka6 f4 44. Ba5 Bc5 45. Bb6 Bd6 46.
Ba5 Bc5 47. Bb6 Bd6 48. c7 h5 49. Kb5 Kb7 50. Nf6 Bxc7 51. Bxc7 Kxc7 52. Ka6
Kc6 53. Nxh5 Rg8 54. h4 gxh4 55. Nxf4 Kc5 56. Kb7 Rg7+ 57. Kb8 Rg8+ 58. Kb7
Rg7+ 59. Ka6 Rg8 60. Ne6+ Kc6 61. Nd4+ Kc5 62. Nb5 Kc6 63. f4 Kd7 64. Kb7 Ke6
65. Nd4+ Kd5 66. Nc6 Rg7+ 67. Kb6 Rxa7 68. Nxa7 Ke4 69. f5 Kxf5 70. Nc6 Kf4 71.
Nd4 Kg3 72. Nf5+ 1/2-1/2

[Event "Kalamazoo (MI Am/3/32)"]
[Site "?"]
[Date "1997.??.??"]
[Round "?"]
[White "Valdivia, Alex"]
[Black "Helinski, S."]
[Result "1-0"]
[WhiteElo "1605"]
[BlackElo "1605"]
[PlyCount "48"]
[EventDate "1997.??.??"]

{3/(32)} 1. e4 Nf6 2. e5 Nd5 3. d4 Nc6 4. Bc4 e6 5. Nf3 d6 6. Bb5 Bd7 7. a3 a6
8. Bc4 Qe7 9. Bg5 f6 10. exf6 Nxf6 11. O-O d5 12. Bd3 e5 13. dxe5 Nxe5 14. Re1
Be6 15. Rxe5 O-O-O 16. Bf5 Qc5 17. Bxe6+ Rd7 18. Bxf6 gxf6 19. Rxd5 Bd6 20.
Bxd7+ Kxd7 21. Rxc5 b6 22. Rd5 Kc8 23. Qe2 Rd8 24. Nc3 h5 1-0

[Event "Lansing (MOR/3/27)"]
[Site "?"]
[Date "1997.??.??"]
[Round "?"]
[White "Underhill, R."]
[Black "Foord, Allan"]
[Result "0-1"]
[WhiteElo "1605"]
[BlackElo "1605"]
[PlyCount "66"]
[EventDate "1997.??.??"]

{3/(27)} 1. e4 c5 2. Nf3 d6 3. d4 cxd4 4. Nxd4 Nf6 5. Nc3 a6 6. Bd3 e6 7. h3
Be7 8. Be3 Bd7 9. Qe2 Qc7 10. O-O Nc6 11. Nf3 b5 12. a3 O-O 13. Rfe1 Rfe8 14.
Bf4 Ne5 15. Nxe5 dxe5 16. Bd2 Rad8 17. g4 h6 18. h4 Nh7 19. g5 hxg5 20. hxg5
Bxg5 21. Bxg5 Nxg5 22. Qh5 f6 23. Kg2 Bc6 24. Rh1 Kf8 25. Qh8+ Kf7 26. Qh2 Ke7
27. Qg3 Rh8 28. Rag1 Qb8 29. b4 Rdg8 30. Qe3 Qd6 31. Qb6 Bxe4+ 32. Bxe4 Qxb6
33. Nd5+ exd5 0-1

[Event "Lansing (MOR/2/42)"]
[Site "?"]
[Date "1997.??.??"]
[Round "?"]
[White "Underhill, R."]
[Black "Feguer, Mike"]
[Result "1-0"]
[WhiteElo "1605"]
[BlackElo "1605"]
[PlyCount "93"]
[EventDate "1997.??.??"]

{2/(42)} 1. e4 e5 2. c4 Nf6 3. d3 h6 4. Nf3 Nc6 5. Nc3 Bc5 6. h3 d6 7. a3 Be6
8. b4 Bb6 9. Qb3 O-O 10. Be2 Nd4 11. Nxd4 Bxd4 12. Bb2 Bb6 13. O-O c5 14. b5 a6
15. a4 Nd7 16. Qa3 Qg5 17. g4 h5 18. f3 hxg4 19. fxg4 Qe3+ 20. Kh2 Qh6 21. Nd5
Bd8 22. bxa6 Rxa6 23. Qb3 b6 24. Bc1 Bg5 25. Bxg5 Qxg5 26. Nc7 Ra7 27. Nxe6
fxe6 28. Rxf8+ Kxf8 29. Rf1+ Nf6 30. Qxb6 Ra8 31. Qxd6+ Kf7 32. Qd7+ Kg6 33.
Qxe6 Qd2 34. Qf5+ Kf7 35. g5 Qxe2+ 36. Qf2 Qxd3 37. gxf6 g6 38. Qg2 Rxa4 39.
Rg1 g5 40. Qxg5 Ra2+ 41. Rg2 Rxg2+ 42. Kxg2 Qxe4+ 43. Kg3 Qd3+ 44. Kh4 Qxc4+
45. Kh5 e4 46. Qg7+ Ke8 47. Qe7# 1-0

[Event "Lansing (MOR/5/44)"]
[Site "?"]
[Date "1997.??.??"]
[Round "?"]
[White "Underhill, R."]
[Black "Crist, Kevin"]
[Result "1-0"]
[WhiteElo "1605"]
[BlackElo "1605"]
[PlyCount "143"]
[EventDate "1997.??.??"]

{5/(44)} 1. e4 e5 2. c4 Nf6 3. d3 Bc5 4. Nf3 Ng4 5. Be3 Bxe3 6. fxe3 d6 7. Qe2
O-O 8. h3 Nh6 9. g4 f6 10. Nc3 Nc6 11. O-O-O a6 12. d4 Nf7 13. d5 Na7 14. Qg2
Ng5 15. Nxg5 fxg5 16. Be2 Qe7 17. Rh2 Bd7 18. Rdh1 b5 19. a3 bxc4 20. h4 gxh4
21. Rxh4 h6 22. g5 Rf7 23. gxh6 g5 24. h7+ Kh8 25. Rh5 Rg7 26. Rg1 Rf8 27. Bg4
Bxg4 28. Qxg4 Qf6 29. Ne2 Rff7 30. Ng3 Rxh7 31. Rxg5 Rhg7 32. Rh1+ Kg8 33.
Rxg7+ Qxg7 34. Qh4 Rf3 35. Ne2 Rxe3 36. Qd8+ Kf7 37. Rf1+ Kg6 38. Rg1+ Kh6 39.
Rxg7 Kxg7 40. Qg5+ Kf7 41. Qxe3 c5 42. Qf3+ Ke8 43. Qh5+ Kd8 44. Qh8+ Kc7 45.
Qg7+ Kb6 46. Nc3 Nc8 47. Na4+ Ka5 48. Qc7+ Kxa4 49. Qxc8 Kb3 50. Qc6 c3 51.
bxc3 Kxc3 52. Qa4 c4 53. Qc2+ Kd4 54. Kd2 a5 55. Qc3+ Kc5 56. Qxa5+ Kd4 57.
Qb6+ Kxe4 58. Qxd6 Kd4 59. Qd7 c3+ 60. Kc2 e4 61. Qg7+ Kxd5 62. Qxc3 Kd6 63. a4
Ke6 64. a5 Kf5 65. a6 Kf4 66. a7 e3 67. a8=R Kf3 68. Re8 Kf4 69. Qxe3+ Kf5 70.
Qf3+ Kg5 71. Rg8+ Kh4 72. Qh1# 1-0

[Event "Lansing (MOR/6/27)"]
[Site "?"]
[Date "1997.??.??"]
[Round "?"]
[White "Turner, A."]
[Black "Marson, Michael"]
[Result "1/2-1/2"]
[WhiteElo "1605"]
[BlackElo "1605"]
[PlyCount "42"]
[EventDate "1997.??.??"]

{6/(27)} 1. d4 d5 2. c4 e6 3. Nc3 Nf6 4. Bg5 Be7 5. Nf3 c6 6. e3 Nbd7 7. Bd3
O-O 8. O-O Qc7 9. Qc2 h6 10. Bf4 Bd6 11. Bxd6 Qxd6 12. Rac1 dxc4 13. Bxc4 e5
14. Ne4 Nxe4 15. Qxe4 exd4 16. Qxd4 Qf6 17. Qxf6 Nxf6 18. Rfd1 Bg4 19. Be2 Rad8
20. h3 Be6 21. b3 Bd5 1/2-1/2

[Event "Lansing (MOR/4/27)"]
[Site "?"]
[Date "1997.??.??"]
[Round "?"]
[White "Turner, A."]
[Black "Khraizat, Ali"]
[Result "1-0"]
[WhiteElo "1605"]
[BlackElo "1605"]
[PlyCount "43"]
[EventDate "1997.??.??"]

{4/(27)} 1. d4 d5 2. c4 c5 3. dxc5 Nf6 4. cxd5 Qxd5 5. Qxd5 Nxd5 6. a3 e6 7. b4
a5 8. b5 Bxc5 9. e4 Nf6 10. Nc3 a4 11. Nf3 O-O 12. Bd3 Nbd7 13. O-O Ne8 14. Rb1
Nc7 15. Bf4 Bb6 16. Bc2 f6 17. Bd6 Re8 18. Nxa4 Ba5 19. Rfc1 e5 20. Bxc7 Bxc7
21. Bb3+ Kf8 22. Rxc7 {[Remainder of scoresheet illegible]} 1-0

[Event "Lansing (MOR/1a/5)"]
[Site "?"]
[Date "1997.??.??"]
[Round "?"]
[White "Turkalo, A."]
[Black "Smeckert, Dennis"]
[Result "1-0"]
[WhiteElo "1740"]
[BlackElo "1605"]
[PlyCount "40"]
[EventDate "1997.??.??"]

1. e4 e5 2. Nf3 Nc6 3. Bb5 Nf6 4. O-O d6 5. d4 Bd7 6. Nc3 Be7 7. Qe2 a6 8. Bxc6
Bxc6 9. dxe5 dxe5 10. Nxe5 Qd6 11. Nxc6 Qxc6 12. Bg5 O-O-O 13. Rad1 Kb8 14. e5
Qe6 15. exf6 gxf6 16. Qxe6 fxe6 17. Rxd8+ Rxd8 18. Be3 e5 19. Rd1 Rxd1+ 20.
Nxd1 Bd6 1-0

[Event "Lansing (MOR/3/17)"]
[Site "?"]
[Date "1997.??.??"]
[Round "?"]
[White "Turkalo, A."]
[Black "Roth, Bruce"]
[Result "0-1"]
[WhiteElo "1740"]
[BlackElo "1605"]
[PlyCount "66"]
[EventDate "1997.??.??"]

{3/(17)} 1. e4 c6 2. d4 d5 3. exd5 cxd5 4. Bd3 Nc6 5. c3 e5 6. dxe5 Nxe5 7.
Bb5+ Nc6 8. Nf3 Nf6 9. O-O Be7 10. Re1 O-O 11. Bf4 Bg4 12. Nbd2 a6 13. Bd3 Re8
14. Qb3 Na5 15. Qc2 h6 16. h3 Bd7 17. Ne5 Be6 18. Ndf3 Nc6 19. Rad1 Nxe5 20.
Nxe5 Rc8 21. Qb1 Bc5 22. Nf3 Qb6 23. Rd2 Nh5 24. Be5 Bd6 25. Bd4 Qc7 26. Qd1
Nf4 27. Bc2 b5 28. Ne5 Bxh3 29. Qf3 Bxe5 30. gxh3 Bxd4 31. Rxe8+ Rxe8 32. cxd4
Re1+ 33. Kh2 Ne2+ 0-1

[Event "Lansing (MOR/5/20)"]
[Site "?"]
[Date "1997.??.??"]
[Round "?"]
[White "Turkalo, A."]
[Black "Nixon, Peter"]
[Result "1-0"]
[WhiteElo "1740"]
[BlackElo "1605"]
[PlyCount "31"]
[EventDate "1997.??.??"]

{5/(20)} 1. e4 c5 2. Nf3 Nc6 3. d4 cxd4 4. Nxd4 Nf6 5. Nc3 a6 6. Nxc6 bxc6 7.
e5 Ng8 8. Bc4 e6 9. Bf4 Bc5 10. Ne4 Be7 11. Nd6+ Bxd6 12. Qxd6 Qe7 13. O-O-O
Qxd6 14. Rxd6 f6 15. Rhd1 Bb7 16. Rxd7 1-0

[Event "Lansing (MOR/7/8)"]
[Site "?"]
[Date "1997.??.??"]
[Round "?"]
[White "Turkalo, A."]
[Black "James, Larry"]
[Result "1-0"]
[WhiteElo "1740"]
[BlackElo "1605"]
[PlyCount "95"]
[EventDate "1997.??.??"]

{7/(8)} 1. e4 e6 2. d4 d5 3. Nc3 Bb4 4. e5 c5 5. a3 cxd4 6. axb4 dxc3 7. bxc3
Qc7 8. Qd4 Nc6 9. Bb5 Nge7 10. Nf3 a6 11. Qe3 Bd7 12. O-O O-O 13. Bd3 Nf5 14.
Qe2 Nce7 15. Bd2 Ng6 16. Rfe1 Rfd8 17. g3 Rac8 18. h4 Qb6 19. Kh2 Bb5 20. Bxb5
axb5 21. h5 Nf8 22. g4 Ne7 23. Nd4 Rc4 24. Ra5 Nc6 25. Rxb5 Nxd4 26. Rxb6 Nxe2
27. Rxe2 Rxg4 28. Kh3 Rc4 29. Rxb7 Nd7 30. f4 Rc6 31. Re1 Ra6 32. Be3 Kf8 33.
b5 Raa8 34. Rb1 Ke8 35. b6 Rdc8 36. Bd4 Kd8 37. Rxd7+ Kxd7 38. b7 Rcb8 39.
bxa8=Q Rxa8 40. Rb7+ Ke8 41. Bc5 Rc8 42. Bb4 Rc4 43. Re7+ Kf8 44. Rc7+ Ke8 45.
Rxc4 dxc4 46. Kg3 h6 47. Kf3 g6 48. Kg4 1-0

[Event "Lansing (MI Op/2/1)"]
[Site "?"]
[Date "1997.??.??"]
[Round "?"]
[White "Tsemekhman, Vadim"]
[Black "Mankiewicz, Ryan"]
[Result "1-0"]
[WhiteElo "2505"]
[BlackElo "2020"]
[PlyCount "81"]
[EventDate "1997.??.??"]

{2/(1)} 1. d4 d5 2. c4 c6 3. Nf3 Nf6 4. g3 Bf5 5. Nbd2 e6 6. Bg2 Bb4 7. O-O
Nbd7 8. Qb3 Bxd2 9. Nxd2 Qb6 10. Qc3 O-O 11. b3 Rfd8 12. Bb2 c5 13. dxc5 Nxc5
14. cxd5 exd5 15. Qd4 Nce4 16. Qxb6 axb6 17. Nf3 Rac8 18. Nd4 Bg6 19. Rfc1 Nc5
20. Bh3 Rc7 21. b4 Na6 22. Rxc7 Nxc7 23. Rc1 Nce8 24. Nb5 Ne4 25. Bd4 f5 26.
Bxb6 Ra8 27. Rc2 N8d6 28. Nxd6 Nxd6 29. Bg2 Bf7 30. Rc7 Rxa2 31. Bc5 Ra1+ 32.
Bf1 Bh5 33. Bxd6 Bxe2 34. Rxg7+ Kh8 35. Be5 Rxf1+ 36. Kg2 h5 37. Bf6 Bd3 38. f4
b5 39. Kh3 Rf2 40. Kh4 Rxh2+ 41. Kg5 1-0

[Event "Lansing (MI Op/7/1)"]
[Site "?"]
[Date "1997.??.??"]
[Round "?"]
[White "Tsemekhman, Vadim"]
[Black "Kamberi, Sonny"]
[Result "0-1"]
[WhiteElo "2505"]
[BlackElo "2340"]
[PlyCount "66"]
[EventDate "1997.??.??"]

{7/(1)} 1. d4 Nf6 2. c4 g6 3. Nc3 Bg7 4. e4 d6 5. Be2 O-O 6. Bg5 Na6 7. f4 Qe8
8. Bxf6 Bxf6 9. e5 Bg7 10. Nf3 c5 11. d5 Bg4 12. Ng5 f6 13. Bxg4 fxg5 14. fxg5
Bxe5 15. Qe2 Nc7 16. g3 a6 17. O-O-O b5 18. Rdf1 bxc4 19. Qxc4 Rb8 20. Be6+
Nxe6 21. dxe6 Bxc3 22. bxc3 Qc6 23. Rxf8+ Rxf8 24. Rf1 Rb8 25. Qf4 Qb7 26. Qf7+
Kh8 27. Kd2 Qe4 28. Qf8+ Rxf8 29. Rxf8+ Kg7 30. Rf7+ Kg8 31. Rxe7 Qd5+ 32. Kc2
Qxa2+ 33. Kc1 Kf8 0-1

[Event "Tecumseh (RVO/5/3)"]
[Site "?"]
[Date "1997.??.??"]
[Round "?"]
[White "Tsemekhman, Vadim"]
[Black "Hill, Brad"]
[Result "1-0"]
[WhiteElo "2505"]
[BlackElo "1815"]
[PlyCount "77"]
[EventDate "1997.??.??"]

{5/(3)} 1. d4 Nf6 2. c4 e6 3. Nc3 Bb4 4. f3 d5 5. a3 Bxc3+ 6. bxc3 b6 7. Bg5 h6
8. Bh4 Bb7 9. e3 O-O 10. Bd3 Nbd7 11. cxd5 exd5 12. Ne2 Qe7 13. Bf2 Ne8 14. O-O
Nd6 15. Qd2 a5 16. Nf4 Nf6 17. Qa2 c6 18. e4 g5 19. Nxd5 Nxd5 20. exd5 cxd5 21.
Rfe1 Qc7 22. Rac1 Rac8 23. Bb1 Nc4 24. Bg3 Qd7 25. f4 Qg4 26. fxg5 hxg5 27. Qf2
Rce8 28. h3 Qh5 29. Qf6 g4 30. Bd3 b5 31. Bxc4 bxc4 32. Re5 Rxe5 33. Bxe5 Qh7
34. hxg4 Re8 35. Kf2 Kf8 36. Re1 Kg8 37. Qg5+ Qg6 38. Rh1 Rxe5 39. Qd8+ 1-0

[Event "Lansing (MI Op/5/1)"]
[Site "?"]
[Date "1997.??.??"]
[Round "?"]
[White "Tsemekhman, Vadim"]
[Black "Fischvogt, Eric"]
[Result "1-0"]
[WhiteElo "2505"]
[BlackElo "2200"]
[PlyCount "65"]
[EventDate "1997.??.??"]

{5/(1)} 1. d4 d5 2. c4 dxc4 3. Nf3 Nf6 4. Nc3 c5 5. d5 e6 6. e4 exd5 7. e5 Nfd7
8. Qxd5 Nb6 9. Qxd8+ Kxd8 10. Bg5+ Be7 11. O-O-O+ Ke8 12. Be3 Na6 13. Nd2 Be6
14. Nde4 Nd7 15. f4 Nc7 16. Nd6+ Bxd6 17. exd6 Na6 18. f5 Bxf5 19. Bxc4 Nb6 20.
Bb5+ Bd7 21. Be2 Kd8 22. Rhe1 Re8 23. Bh5 Rf8 24. Bf2 Be6 25. Bf3 Kc8 26. Ne4
Nd7 27. Ng5 Nb4 28. Nxe6 fxe6 29. Rxe6 Nc6 30. Rde1 a5 31. Re8+ Nd8 32. Rxf8
Nxf8 33. Bg4+ 1-0

[Event "Tecumseh (RVO/1/1)"]
[Site "?"]
[Date "1997.??.??"]
[Round "?"]
[White "Tsemekhman, Vadim"]
[Black "Dowling, James"]
[Result "1-0"]
[WhiteElo "2505"]
[BlackElo "1605"]
[PlyCount "35"]
[EventDate "1997.??.??"]

{1/(1)} 1. d4 d5 2. c4 e6 3. Nc3 c6 4. e4 dxe4 5. Nxe4 Bb4+ 6. Bd2 Qxd4 7. Bxb4
Qxe4+ 8. Be2 c5 9. Bxc5 Qxg2 10. Qd2 Qc6 11. O-O-O Nd7 12. Bd6 Ngf6 13. f3 Nb6
14. Qg5 Nxc4 15. Bc5 Nxb2 16. Kxb2 Rg8 17. Ba3 b6 18. Bb5 1-0

[Event "Tecumseh (RVO/3/1)"]
[Site "?"]
[Date "1997.??.??"]
[Round "?"]
[White "Tsemekhman, Vadim"]
[Black "Cole, J."]
[Result "1-0"]
[WhiteElo "2505"]
[BlackElo "1820"]
[PlyCount "77"]
[EventDate "1997.??.??"]

{3/(1)} 1. d4 Nf6 2. c4 g6 3. Nc3 d5 4. Nf3 Bg7 5. cxd5 Nxd5 6. Qb3 Nb6 7. e3
Be6 8. Qc2 Nc6 9. Bb5 Bd7 10. O-O O-O 11. h3 a6 12. Bxc6 Bxc6 13. e4 e6 14. Bg5
Qc8 15. Rad1 h6 16. Bf4 Rd8 17. Be5 f6 18. Bg3 Be8 19. Qc1 Bf7 20. e5 f5 21.
Bh4 Rd7 22. Bf6 Nd5 23. Nxd5 Rxd5 24. Bxg7 Kxg7 25. Rd3 Qd7 26. Rc3 Rc8 27. h4
Qe7 28. b4 Be8 29. a3 Bc6 30. Rd1 a5 31. bxa5 Rxa5 32. Ne1 Qxh4 33. Rh3 Qg5 34.
Qb2 Qe7 35. Qd2 Raa8 36. Qxh6+ Kf7 37. Qh7+ Ke8 38. Qxg6+ Kd8 39. d5 1-0

[Event "Lansing (MI Op/4/1)"]
[Site "?"]
[Date "1997.??.??"]
[Round "?"]
[White "Tsemekhman, Vadim"]
[Black "Calton, Bill"]
[Result "1/2-1/2"]
[WhiteElo "2505"]
[BlackElo "2210"]
[PlyCount "107"]
[EventDate "1997.??.??"]

{4/(1)} 1. d4 d5 2. c4 Nc6 3. Nf3 e5 4. cxd5 Qxd5 5. Nc3 Bb4 6. Bd2 Bxc3 7.
Bxc3 e4 8. Nd2 e3 9. fxe3 Nf6 10. e4 Nxe4 11. Nxe4 Qxe4 12. d5 Ne7 13. Qd4 Bf5
14. Rd1 Rd8 15. Qxg7 Rg8 16. Qe5 Qxe5 17. Bxe5 Nxd5 18. Kf2 Ke7 19. Rg1 Ke6 20.
Bd4 b6 21. e4 Bxe4 22. g4 Kd6 23. g5 Rde8 24. b4 c6 25. b5 c5 26. Bb2 Kc7 27.
Bc4 Nf4 28. Bxf7 Nh3+ 29. Ke3 Nxg1 30. Rxg1 Bc6+ 31. Bxe8 Rxe8+ 32. Kf4 Bxb5
33. Be5+ Kc6 34. Rd1 Rf8+ 35. Bf6 Bc4 36. a3 a5 37. h4 b5 38. h5 Be2 39. Rh1 b4
40. axb4 axb4 41. Ke3 Bg4 42. Kf4 Bd7 43. Rb1 Kb5 44. Rd1 Be8 45. Rd8 c4 46.
Ke5 c3 47. g6 c2 48. Rb8+ Ka4 49. Bg5 hxg6 50. hxg6 Rg8 51. Bd2 b3 52. Kd4 Bf7
53. Rxg8 Bxg8 54. Bc1 1/2-1/2

[Event "Lansing (MI Op/7/19)"]
[Site "?"]
[Date "1997.??.??"]
[Round "?"]
[White "Triplett, Thomas"]
[Black "Thomas, Johnny"]
[Result "1-0"]
[WhiteElo "1860"]
[BlackElo "1895"]
[PlyCount "99"]
[EventDate "1997.??.??"]

{7/(19)} 1. e4 c5 2. Nf3 Nc6 3. d4 cxd4 4. Nxd4 Nf6 5. Nc3 d6 6. Be3 e5 7. Nb3
Be7 8. Be2 O-O 9. f3 Be6 10. Nd5 Re8 11. O-O Bf8 12. Qd2 h6 13. Rfd1 g5 14. h4
Nh7 15. hxg5 hxg5 16. Kf2 Bg7 17. Rh1 f6 18. Rh2 Nf8 19. Rah1 Ng6 20. g3 Kf7
21. Rh7 Rh8 22. Nxf6 Rxh7 23. Rxh7 Nf4 24. Nd5 Qg8 25. Rh2 Rd8 26. gxf4 gxf4
27. Bxf4 exf4 28. Qxf4+ Ke8 29. Nf6+ Bxf6 30. Qxf6 Kd7 31. Rg2 Qe8 32. Nd4 Bg8
33. Nb5 Qe5 34. Rg7+ Ne7 35. Qxe5 dxe5 36. a3 a6 37. Nc3 Kd6 38. Rg1 Kc7 39.
Rg7 Kd6 40. Rg1 Kc7 41. Ke3 Kc6 42. Rg7 Kd6 43. Nd1 Rc8 44. Bd3 Rc7 45. Rg5 Bh7
46. Nf2 Ng6 47. Ng4 Re7 48. Nf6 Nf4 49. Bc4 b5 50. Bb3 1-0

[Event "Lansing (MI Op/4/9)"]
[Site "?"]
[Date "1997.??.??"]
[Round "?"]
[White "Triplett, Thomas"]
[Black "Rogers, Bradley"]
[Result "0-1"]
[WhiteElo "1860"]
[BlackElo "2100"]
[PlyCount "80"]
[EventDate "1997.??.??"]

{4/(9)} 1. e4 e6 2. d4 d5 3. Nd2 Nf6 4. e5 Nfd7 5. Bd3 c5 6. c3 Nc6 7. Ne2 Qb6
8. Nf3 cxd4 9. cxd4 f6 10. exf6 Nxf6 11. O-O Bd6 12. Bf4 Bxf4 13. Nxf4 O-O 14.
b3 Bd7 15. Rc1 Rae8 16. Re1 Kh8 17. Bb1 Ne4 18. Nh3 e5 19. Rxc6 bxc6 20. Nxe5
Rxe5 21. Bxe4 Rxe4 22. Rxe4 dxe4 23. Ng5 Bf5 24. g4 Bg6 25. h4 Qd8 26. Ne6 Qe7
27. Nxf8 Qxf8 28. h5 Bf7 29. f4 exf3 30. Qxf3 Qe8 31. Kf2 Bd5 32. Qf4 Kg8 33.
Qc7 Qf7+ 34. Qxf7+ Kxf7 35. g5 Ke6 36. Kg3 Kf5 37. Kh4 Kf4 38. h6 g6 39. a4
Bxb3 40. a5 a6 0-1

[Event "Lansing (MI Op/2/15)"]
[Site "?"]
[Date "1997.??.??"]
[Round "?"]
[White "Triplett, Thomas"]
[Black "LaForge, Tom"]
[Result "1/2-1/2"]
[WhiteElo "1860"]
[BlackElo "2010"]
[PlyCount "55"]
[EventDate "1997.??.??"]

{2/(15)} 1. e4 e6 2. d4 d5 3. Nd2 Nf6 4. e5 Nfd7 5. Bd3 c5 6. c3 Nc6 7. Ne2
cxd4 8. cxd4 f6 9. exf6 Qxf6 10. Nf3 h6 11. O-O Bd6 12. Ng3 O-O 13. Bb1 Rd8 14.
Nh5 Qf7 15. Nh4 Nf8 16. Ng3 Bd7 17. Be3 a5 18. a3 a4 19. Bc2 b5 20. f4 Qf6 21.
Nf3 Bxf4 22. Qd3 Bxg3 23. hxg3 Qf5 24. Qd2 Qg4 25. Bf4 Be8 26. Nh2 Qh5 27. g4
Qh4 28. g3 {[Reamainder illegible]} 1/2-1/2

[Event "Lansing (MOR/2/15)"]
[Site "?"]
[Date "1997.??.??"]
[Round "?"]
[White "Treacy, Joe"]
[Black "Walls, R."]
[Result "1-0"]
[WhiteElo "1650"]
[BlackElo "1605"]
[PlyCount "119"]
[EventDate "1997.??.??"]

{2/(15)} 1. e4 e5 2. Nf3 Nc6 3. Bb5 a6 4. Ba4 Nf6 5. O-O Be7 6. Re1 b5 7. Bb3
h6 8. c3 O-O 9. d4 d6 10. h3 Na5 11. Bc2 Nd7 12. Nbd2 Re8 13. Nf1 Bf8 14. Ng3
Nb6 15. dxe5 dxe5 16. Qxd8 Rxd8 17. Nxe5 Bd6 18. Bf4 g5 19. Nxf7 Kxf7 20. Bxd6
Rxd6 21. Re2 Nac4 22. b3 Ne5 23. Rae1 c5 24. Nf5 Re6 25. Rd1 Nbd7 26. Rd5 Rb8
27. Red2 Kf8 28. f3 Rbb6 29. Kf2 h5 30. g3 Rf6 31. Rxe5 Nxe5 32. Rd8+ Kf7 33.
Rxc8 Rbc6 34. Rh8 g4 35. hxg4 hxg4 36. f4 Ng6 37. Rd8 Ne7 38. Rd7 Rfe6 39. e5
Ke8 40. Rd1 Nxf5 41. Bxf5 Re7 42. Bxg4 Rh6 43. Kg2 Reh7 44. f5 Rh2+ 45. Kf3
Rxa2 46. f6 a5 47. e6 Rc2 48. e7 Rxc3+ 49. Kf4 Rxe7 50. fxe7 Kxe7 51. Rd5 a4
52. bxa4 bxa4 53. Rd7+ Ke8 54. Ra7 a3 55. Be6 Kf8 56. g4 Rd3 57. g5 Rd4+ 58.
Ke5 Rd3 59. g6 Rg3 60. Rf7+ 1-0

[Event "Lansing (MOR/6/15)"]
[Site "?"]
[Date "1997.??.??"]
[Round "?"]
[White "Treacy, Joe"]
[Black "Serwatowski, Felix"]
[Result "1-0"]
[WhiteElo "1650"]
[BlackElo "1605"]
[PlyCount "117"]
[EventDate "1997.??.??"]

{6/(15)} 1. e4 g6 2. d4 Bg7 3. f4 d6 4. Nf3 Nf6 5. Nc3 e6 6. Bd3 O-O 7. O-O Nc6
8. e5 dxe5 9. dxe5 Nd5 10. Ne4 f5 11. exf6 Nxf6 12. Qe2 Nxe4 13. Bxe4 Ne7 14.
Ne5 Nf5 15. Be3 Nxe3 16. Qxe3 c6 17. Rad1 Qc7 18. Bd3 Qb6 19. Qxb6 axb6 20. Bc4
Bxe5 21. fxe5 Rxf1+ 22. Kxf1 Kf7 23. Rd8 h5 24. Kf2 b5 25. Bd3 Ke7 26. Rg8 Kf7
27. Rh8 Kg7 28. Rd8 b6 29. Kf3 Kh6 30. Be4 Bb7 31. Rxa8 Bxa8 32. h4 g5 33.
hxg5+ Kxg5 34. g3 Bb7 35. Kf2 h4 36. gxh4+ Kxh4 37. Kf3 Kg5 38. Ke3 Ba8 39. a3
Bb7 40. b4 Kh6 41. c4 bxc4 42. b5 c3 43. Bxc6 c2 44. Kd2 c1=Q+ 45. Kxc1 Bc8 46.
Kd2 Kg5 47. Ke3 Kf5 48. Kd4 Kg6 49. a4 Kf7 50. a5 bxa5 51. b6 Ke7 52. b7 Bxb7
53. Bxb7 Kf7 54. Be4 Ke7 55. Kc5 Kd7 56. Bc2 Kc7 57. Bb3 Kd7 58. Ba4+ Ke7 59.
Kc6 1-0

[Event "Lansing (MOR/4/1)"]
[Site "?"]
[Date "1997.??.??"]
[Round "?"]
[White "Treacy, Joe"]
[Black "Hill, Brad"]
[Result "0-1"]
[WhiteElo "1650"]
[BlackElo "1765"]
[PlyCount "66"]
[EventDate "1997.??.??"]

{4/(1)} 1. e4 c5 2. d4 cxd4 3. c3 dxc3 4. Nxc3 Nc6 5. Nf3 g6 6. Bc4 Bg7 7. O-O
d6 8. Qe2 Nf6 9. h3 O-O 10. Rd1 Nd7 11. Bf4 Nde5 12. Bd5 Qa5 13. Rac1 Rd8 14.
Kh1 e6 15. Bxc6 bxc6 16. Nxe5 Bxe5 17. Bg5 f6 18. Bd2 Qa6 19. f4 Qxe2 20. Nxe2
Bxb2 21. Rxc6 Bb7 22. Rc7 Bxe4 23. Bb4 a5 24. Rd2 axb4 25. Rxb2 Bd5 26. Rxb4
Rxa2 27. Nc3 Bxg2+ 28. Kg1 Rc2 29. Ra4 Ra8 30. Rb4 Ra1+ 31. Kh2 Rh1+ 32. Kg3
Rxh3+ 33. Kg4 h5# 0-1

[Event "Lansing (MI Op/1b/1)"]
[Site "?"]
[Date "1997.??.??"]
[Round "?"]
[White "Townsend, Paul"]
[Black "Tsemekhman, Vadim"]
[Result "0-1"]
[WhiteElo "1965"]
[BlackElo "2505"]
[PlyCount "92"]
[EventDate "1997.??.??"]

1. e3 e5 2. c4 Nf6 3. Nc3 Bb4 4. Bd3 O-O 5. Nge2 d5 6. Nxd5 Nxd5 7. cxd5 Qxd5
8. Qc2 g6 9. Be4 Qc5 10. a3 Qxc2 11. Bxc2 Bd6 12. d4 Nc6 13. d5 Ne7 14. Nc3 f5
15. Ba4 a6 16. b4 b5 17. Bb3 Bd7 18. Bb2 a5 19. bxa5 Rxa5 20. O-O Rfa8 21. Rfd1
Nc8 22. g3 Kf8 23. Ne2 Nb6 24. Kf1 Na4 25. Bxa4 Rxa4 26. Rdc1 Kf7 27. Ng1 e4
28. Ne2 b4 29. axb4 Bb5 30. Rxa4 Rxa4 31. Ke1 Bxe2 32. Kxe2 Ra2 33. Rc2 Be5 34.
Bxe5 Rxc2+ 35. Kf1 Rc4 36. Ke2 Ke8 37. Kd2 Kd7 38. Bd4 Kd6 39. Bc3 Kxd5 40. Kc2
Rc6 41. Kb3 g5 42. Bg7 Rb6 43. Kc3 g4 44. Bf8 Ra6 45. Kb2 Kc4 46. Be7 Rh6 0-1

[Event "Lansing (MI Op/3/24)"]
[Site "?"]
[Date "1997.??.??"]
[Round "?"]
[White "Townsend, Paul"]
[Black "Thurman, John"]
[Result "0-1"]
[WhiteElo "1965"]
[BlackElo "1680"]
[PlyCount "64"]
[EventDate "1997.??.??"]

{3/(24)} 1. e4 c6 2. d4 d5 3. exd5 cxd5 4. c4 Nf6 5. Nc3 e6 6. Nf3 Be7 7. Bf4
Bd6 8. Bg5 Be7 9. Bd3 dxc4 10. Qa4+ Bd7 11. Qxc4 Nc6 12. a3 Rc8 13. Qa2 O-O 14.
Rd1 Qa5 15. Qb1 h6 16. h4 Nd5 17. Bd2 Nxc3 18. Bxc3 Qh5 19. Be2 Qd5 20. Ng5
hxg5 21. hxg5 g6 22. Bf3 Qxg5 23. Bxc6 Rxc6 24. d5 Rxc3 25. bxc3 Qxg2 26. Rf1
exd5 27. Qxb7 Qe4+ 28. Kd2 Bg5+ 29. f4 Bxf4+ 30. Rxf4 Qxf4+ 31. Kd3 Bf5+ 32.
Ke2 Re8+ 0-1

[Event "Lansing (MI Op/5/27)"]
[Site "?"]
[Date "1997.??.??"]
[Round "?"]
[White "Townsend, Paul"]
[Black "Steen, Harold"]
[Result "1-0"]
[WhiteElo "1965"]
[BlackElo "1775"]
[PlyCount "69"]
[EventDate "1997.??.??"]

{5/(27)} 1. e4 c5 2. f4 e6 3. Nf3 Nc6 4. d4 cxd4 5. Nxd4 a6 6. Nxc6 bxc6 7. Be3
d5 8. c4 Bb4+ 9. Nc3 Nf6 10. exd5 Bxc3+ 11. bxc3 cxd5 12. Bc5 Qc7 13. Qd4 Rg8
14. Bd3 Rh8 15. O-O Bb7 16. Bb6 Qc6 17. c5 Kf8 18. Bc2 Ne4 19. Ba4 Qc8 20. Bc2
Qc6 21. Bxe4 dxe4 22. Qd6+ Kg8 23. Rfd1 Rf8 24. Qxc6 Bxc6 25. Rd6 Bd5 26. c6 g6
27. Bd4 f6 28. c7 Kg7 29. Rd7+ Kh6 30. Rb1 Bxa2 31. Bxf6 Rxf6 32. Rb8 Rff8 33.
Rxf8 Rxf8 34. Rd8 e3 35. Rxf8 1-0

[Event "Kalamazoo (MI Am/3/9)"]
[Site "?"]
[Date "1997.??.??"]
[Round "?"]
[White "Townsend, Paul"]
[Black "Martell, Raul"]
[Result "1-0"]
[WhiteElo "1920"]
[BlackElo "1665"]
[PlyCount "28"]
[EventDate "1997.??.??"]

{3/(9)} 1. e4 e5 2. Nf3 Nc6 3. Bc4 Bc5 4. b4 Bxb4 5. c3 Ba5 6. d4 exd4 7. O-O
h6 8. Qb3 Qe7 9. Ba3 d6 10. e5 Bb6 11. exd6 cxd6 12. Re1 Be6 13. Bxe6 Kd8 14.
Bxf7 Qf8 1-0